000 06616namaa22004331i 4500
003 EG-GICUC
005 20260415131134.0
008 260402s2025 ua a|||frm||| 000 0 eng d
040 _aEG-GICUC
_beng
_cEG-GICUC
_dEG-GICUC
_erda
041 0 _aeng
_beng
_bara
049 _aDeposit
082 0 4 _a615.82
092 _a615.82
_221
097 _aM.Sc
099 _aCai01.21.01.M.Sc.2025.As.E
100 0 _aAsmaa Abd El-Fattah Dawood,
_epreparation.
245 1 0 _aErgonomic risk assessment of egyptian physical therapists /
_cby Asmaa Abd El-Fattah Dawood ; Supervisors Prof. Dr. Mohsen Mohammed El-sayyad, Dr. Asmaa Foad Abdelmonem.
246 1 5 _aالمخاطر المرتبطة بطبيعة العمل، اضطرابات الجهاز العضلي الهيكلي، أخصائيّ العلاج الطبيعي، رولا، استبيان كورنيل
264 0 _c2025.
300 _a96 pages :
_billustrations ;
_c25 cm. +
_eCD.
336 _atext
_2rda content
337 _aUnmediated
_2rdamedia
338 _avolume
_2rdacarrier
502 _aThesis (M.Sc)-Cairo University, 2025.
504 _aBibliography: pages 84-90.
520 3 _aBackground: Physical therapists are frequently exposed to physically demanding tasks related to their work, such as handling patients, applying manual techniques, and maintaining incorrect positions for long time, which might result in WMSDs. Purpose: This study aims to assess the ergonomic risk of Egyptian physical therapists, investigate the prevalence of musculoskeletal illnesses linked to their jobs in different body parts, and find out the correlation between these disorders and ergonomic risk Methodology: Seventy Egyptian (Al Qalyubia Governorate) adult physical therapists of both genders. With age ranging from 25-36 years old. The RULA was used to assess ergonomic risk while performing 2 tasks (ultrasound application and shoulder mobilization) and then Cornell was fulfilled by physical therapists to determine the prevalence of musculoskeletal disorders Results: results showed that physical therapists are exposed to low to medium risk while applying the ultrasound on wrist and are exposed to medium to high risk while performing shoulder mobilization. It also revealed that most common sites for WMSDs are respectively lower back, neck, upper back, right knee, left knee, right shoulder, right wrist and left shoulder which positively correlate with the ergonomic risk Conclusion: It can be concluded that Egyptian physical therapists may be exposed to varying degrees of ergonomic risk (from low to medium to high) with the different tasks they perform as part of their job. Also, most of the Egyptian physical therapists in this study suffer from musculoskeletal disorders which are positively correlated with the ergonomic risk.
520 3 _aالخلفية: يتعرض أخصائيو العلاج الطبيعي بشكل متكرر لمهام تتطلب جهدًا بدنيًا متعلقة بعملهم، مثل التعامل مع المرضى، وتطبيق التقنيات اليدوية، والبقاء في أوضاع غير صحيحة لفترات طويلة، مما قد يؤدي إلى إصابات عضلية هيكلية. الهدف: تهدف هذه الدراسة إلى تقييم المخاطر الوظيفية المتعلقة بطبيعة العمل لدى أخصائيّ العلاج الطبيعي المصريين، ودراسة انتشار أمراض الجهاز العضلي الهيكلي المرتبطة بوظائفهم في أجزاء مختلفة من الجسم، ودراسة العلاقة بين هذه الاضطرابات ومخاطر طبيعة العمل. الطريقة: تم اختيار سبعون من أخصائيّ العلاج الطبيعي من كلا الجنسين بشكل عشوائي من مستشفيات محافظة القليوبية تتراوح أعمارهم بين 25-36 سنة. تم استخدام التقييم السريع للطرف العلوي (رولا) لتقييم المخاطر الوظيفية أثناء تأدية مهمتين (تطبيق الموجات فوق الصوتية وتحريك المفصلي لمفصل الكتف) ثم تم استيفاء استبيان كورنيل من قبل أخصائيّ العلاج الطبيعي لتحديد مدى انتشار اضطرابات الجهاز العضلي الهيكلي. النتائج: أظهرت النتائج أن أخصائيّ العلاج الطبيعي معرضون لمخاطر منخفضة إلى متوسطة أثناء تطبيق الموجات فوق الصوتية ومعرضون لمخاطر متوسطة إلى عالية أثناء أداء التحريك المفصلي لمفصل الكتف. كما كشفت أيضًا أن أكثر المواقع شيوعًا لاضطرابات الجهاز العضلي الهيكلي هي أسفل الظهر والرقبة وأعلى الظهر والركبة اليمنى والركبة اليسرى والكتف الأيمن والمعصم الأيمن والكتف الأيسر على التوالي والتي ترتبط ارتباطًا إيجابيًا بمخاطر طبيعة العمل. الخلاصة: يمكن الاستنتاج أن أخصائيّ العلاج الطبيعي المصريين معرضون لدرجات متفاوتة من مخاطر طبيعة العمل (من منخفضة إلى متوسطة إلى عالية) مع المهام المختلفة التي يؤدونها كجزء من عملهم. أيضًا، يعاني تقريبًا جميع أخصائيّ العلاج الطبيعي المصريين في هذه الدراسة من اضطرابات الجهاز العضلي الهيكلي والتي ترتبط ارتباطًا إيجابيًا بمخاطر طبيعة العمل.
530 _aIssues also as CD.
546 _aText in English and abstract in Arabic & English.
650 0 _aPhysical Therapy
650 0 _aالعلاج الطبيعي
653 1 _aErgonomic risk
_aMusculoskeletal disorders
_aPhysical therapists
_aRULA
_aCornell questionnaire
_aالمخاطر المرتبطة بطبيعة العمل
_aاضطرابات الجهاز العضلي الهيكلي
700 0 _aMohsen Mohammed El-sayyad
_ethesis advisor.
700 0 _aAsmaa Foad Abdelmonem
_ethesis advisor.
900 _b01-01-2025
_cMohsen Mohammed El-sayyad
_cAsmaa Foad Abdelmonem
_UCairo University
_FFaculty of Physical Therapy
_DDepartment of Biomechanics
905 _aShimaa
_eEman Ghareb
942 _2ddc
_cTH
_e21
_n0
999 _c179155